| 000 | 00733nam a22002297a 4500 | ||
|---|---|---|---|
| 003 | BPGM | ||
| 005 | 20260703154147.0 | ||
| 008 | 260703e1963 mx o|||gr|||| 001 0 spa d | ||
| 040 |
_aBPGM _bspa |
||
| 041 |
_aSPA _hSPA |
||
| 082 | 0 | 4 |
_a900 _b154 |
| 100 |
_aRAMON MARTINEZ, J. _eAUTOR |
||
| 245 | _aLAS CARMELITAS DESCALZAS EN QUERÉTARO | ||
| 260 |
_aQUERÉTARO, MÉXICO. _bJUS, S.A. _c1963. |
||
| 300 |
_a162 páginas. _c23.3 cm. x 16.7 cm. |
||
| 336 |
_2rdacontent _atexto _btxt |
||
| 337 |
_2rdamedia _asin mediación _bn |
||
| 338 |
_2rdacarrier _avolumen _bnc |
||
| 490 | 0 |
_aMONOGRAFIAS HISTORICAS DE LA DIOCESIS DE QUERÉTARO, _vCOLECCION PRIMER CENTENARIO 1863 - 1963. |
|
| 650 | _aGEOGRAFIA E HISTORIA. | ||
| 942 |
_2ddc _cCOLQ |
||
| 999 |
_c68746 _d68746 |
||